Ecrits sur l'histoire
Αποθηκεύτηκε σε:
| Κύριος συγγραφέας: | |
|---|---|
| Μορφή: | Βιβλίο |
| Γλώσσα: | French |
| Δημοσίευση: |
Paris :
Flammarion,
1969
|
| Σειρά: | Champ historique
|
| Θέματα: | |
| Ετικέτες: |
Προσθήκη ετικέτας
Δεν υπάρχουν, Καταχωρήστε ετικέτα πρώτοι!
|
MARC
| LEADER | 00000nam a2200000 i 4500 | ||
|---|---|---|---|
| 001 | 1/81786 | ||
| 008 | 961009s1969 fre d | ||
| 035 | |l 10005372 | ||
| 040 | |a GR-MY-UA |b gre |e aacr | ||
| 041 | 0 | |a fre | |
| 082 | 0 | |a 901 | |
| 100 | 1 | |a Braudel, Fernand. | |
| 245 | 1 | 0 | |a Ecrits sur l'histoire / |c Fernand Braudel |
| 260 | |a Paris : |b Flammarion, |c 1969 | ||
| 300 | |a 314 p. | ||
| 490 | 1 | |a Champ historique | |
| 650 | 0 | 0 | |a History. |
| 650 | 0 | 0 | |a Social sciences and history. |
| 830 | 0 | |a Champ historique | |
| 852 | |a INST |b LESVOS |e 19961009 |h 901 BRA |p 005100009092 |q 005100009092 |t BK |y 0 | ||
| 909 | |a Λ |b 007329 | ||